| 000 | 00496nam a2200157Ia 4500 | ||
|---|---|---|---|
| 008 | 140611s9999 xx 000 0 und d | ||
| 020 | _a9789718740828 | ||
| 050 |
_aQA 276 _b.Al385 2012 |
||
| 100 | _aAlfarez, Merle S. | ||
| 245 |
_aMSA statistics and probability / _cMerle S Alfarez. |
||
| 260 |
_aQuezon City, Philippines : _bMSA Publishing House, _cc2012. |
||
| 300 |
_a247 p. : _bill. ; _c26 cm. |
||
| 500 | _aAppendices. | ||
| 650 |
_aMathematics _xStatistic -- Probability |
||
| 999 |
_c118434 _d118434 |
||